Vie de Saint Dominique (Record no. 156842)

MARC details
000 -LEADER
campo de control de longitud fija 00795nam a22002055i 4500
001 - NÚMERO DE CONTROL
campo de control 156842
003 - IDENTIFICADOR DE NÚMERO DE CONTROL
campo de control ES-MaACL
005 - FECHA Y HORA DE LA ÚLTIMA TRANSACCIÓN
campo de control 20251110063231.0
008 - DATOS DE LONGITUD FIJA--INFORMACIÓN GENERAL
campo de control de longitud fija 970510s1860 fr |||| | fre d
040 ## - FUENTE DE CATALOGACIÓN
Centro catalogador/agencia de origen AR
Lengua de catalogación spa
Centro/agencia transcriptor AR
100 1# - ENTRADA PRINCIPAL--NOMBRE DE PERSONA
Nombre de persona Lacordaire, Henri-Dominique,
Fechas asociadas al nombre 1802-1861
9 (RLIN) 128564
245 10 - MENCIÓN DEL TÍTULO
Título Vie de Saint Dominique
Resto del título : précédée du ; Mémoire pour le rétablissement en France de l'ordre des frères prêcheurs /
Mención de responsabilidad, etc. par le R.P. Henri-Dominique Lacordaire.
250 ## - MENCION DE EDICION
Mención de edición 6e édition.
260 ## - PUBLICACIÓN, DISTRIBUCIÓN, ETC.
Lugar de publicación, distribución, etc. Paris :
Nombre del editor, distribuidor, etc. Poussielgue-Rusand,
Fecha de publicación, distribución, etc. 1860 (
Lugar de fabricación/manufactura Tours :
Fabricante Imprimerie Mame)
300 ## - DESCRIPCIÓN FÍSICA
Extensión 444 p. ;
Dimensiones 19 cm.
596 ## - NOTA AL PIE DE IMPRENTA
NOTA AL PIE DE IMPRENTA Fecha de imp. en cub.: 1861.
600 14 - PUNTO DE ACCESO ADICIONAL DE MATERIA--NOMBRE DE PERSONA
Nombre de persona Domingo Savio
Títulos y otros términos asociados al nombre Santo .
9 (RLIN) 158778
852 ## - LOCALIZACIÓN
Ubicación ES-MaACL
Número de control de estantería G-10523
Nota libre -- Enc. hol. deteriorada
Holdings
Estatus retirado Estado de pérdida Estado de daño No para préstamo Colección Biblioteca de origen Biblioteca actual Ubicación en estantería Fecha de adquisición Fuente de adquisición Total de préstamos Signatura topográfica completa Código de barras Visto por última vez Precio de reemplazo Tipo de ítem Koha
        Libros del s. XIX Biblioteca del Ateneo de Madrid Biblioteca del Ateneo de Madrid Sala Pecera Planta 3 17/01/2008     G-10523 1164097 23/02/2023 23/02/2023 Libro impreso antiguo